000 00527nam a22001817a 4500
005 20241209120157.0
010 _aENG-142678
020 _c230.00
_a9789391091255
035 _aEN-126410
037 _bDBAD
082 _a881
100 _aAnand, Jernail Singh
_974849
245 _aAnd The Wind Sagged At My Feet/
_cby Jernail Singh Anand
260 _aGurugram
_bThe Poetry Society of India
_c2021
270 _aH-23/16,DLF Phase-1
_bGurugram
300 _a81p.
_c21cm(pb)
942 _2ddc
_cEN
_h881
_mANA
999 _c207494
_d207494